04015nab a2200253 i 4500003000900000005001700009008004100026040001800067072000800085072000800093100004100101100002700142100003700169100003700206245014000243500007600383520298000459650002803439650001603467650001903483650001303502773016803515856007803683BR-BrBNA20250811111349.0250811b2020 bl.ar|pooa||| 00| 0 por | aBR-BrBNAbpor aF70 aF40 aSilva, Joselane Príscila Gomes da  aMarangon, Luiz Carlos  aFeliciano, Ana Lícia Patriota  aFerreira, Rinaldo Luiz Caraciolo aBanco de sementes no solo e ecologia morfofuncional de plântulas em remanescente de Floresta Tropical conectado com matriz agrícola aPublicação on-line; 39 ref.; 2 tables; 1 illus.; Summaries (En, Pt) a Resumo O banco de sementes no solo é um dos mecanismos de regeneração natural que contribui para o surgimento de espécies em áreas florestais ou degradadas, no entanto, a composição de espécies pode ser influenciada pelo histórico de uso da terra, pela matriz em que o fragmento está inserido, entre outros. O objetivo dessa pesquisa foi avaliar a composição florística, abundância e ecologia morfofuncional de plântulas de espécies arbóreas encontradas no banco de sementes no solo em fragmento de Floresta Tropical. Foram retiradas amostras de solos e levadas para o viveiro florestal e cobertas por tela sombrite 70%. As plântulas emergidas foram contadas, identificadas e classificadas quanto à síndrome de dispersão, grupo sucessional e ecologia morfofuncional dos cotilédones. Emergiram 3.441 plântulas, em 14 famílias e 28 morfoespécies. Predominaram Miconia prasina e Cecropiapachystachya com 22,20 e 17,78%, respectivamente; a síndrome zoocórica com 64%; houve predominância de espécies secundárias iniciais, seguida de pioneiras. 78% das plântulas são do tipo PEF (fanero-epígeo-foliáceo). Embora o remanescente esteja inserido em uma matriz agrícola possui uma média riqueza de espécies arbóreas no banco de sementes, sendo a maioria das espécies classificadas como fanero-epígeo-foliáceo, demonstrando a dinâmica e capacidade de autorregeneração da área estudada. Palavras-chave: autorregeneração, dispersão, mecanismo de regeneração. Abstract The seed bank in the soil is one of the mechanisms of natural regeneration that contributes to the emergence of species in forest or degraded areas, however, the composition of species can be influenced by the history of land use, by the matrix in which the fragment is inserted, among others. The objective of this research was to evaluate the floristic composition, abundance and morphofunctional ecology of seedlings arboreal species found in the soil seed bank in tropical forest fragment. Soil samples were taken and taken to the forest nursery and covered by shading screens 70%. The emerged seedlings were counted, identified and classified in terms of dispersion syndrome, successional group and morphological and functional ecology of cotyledons. 3,441 seedlings emerged in 14 families and 28 morphospecies. Miconia prasina and Cecropia pachystachya predominated with 22.20 and 17.78%, respectively; zoochoric syndrome with 64%; there were predominance of early secondary species, followed by pioneers. 78% of the seedlings are of the PEF type (phanero-epigealfoliaceous). Although the remnant is inserted in an agricultural matrix, it has an average tree species richness in the seed bank, most species being classified as phanero-epigeal-foliaceous, demonstrating the dynamics and self-regeneration capacity of the studied area. Key words: self-regeneration, dispersion, mechanism of regeneration. aREGENERAÇÃO NATURAL aDISPERSÃO aBANCO DE GENES aFLORESTA0 0709dRio de Janeiro-RJ Jardim Botanico do Rio de Janeiro 1935o2025-4473tRodriguésia (Brazil)x0370-6583; 2175-7860 on-linegv. 71 p. 1-10; (2020)wBR2025003303 uhttps://www.scielo.br/j/rod/a/h4YRh4nnw3fK35MKp3SWnFC/?format=pdf&lang=pt